| 000 | 00565nam a22002297a 4500 | ||
|---|---|---|---|
| 003 | UA-OsUOA | ||
| 001 | 87019 | ||
| 007 | ta | ||
| 008 | 20120913b un ||||| |||| 00| 0 ukr d | ||
| 100 | _aАбе К. | ||
| 090 |
_a821.521 _bА17 |
||
| 942 | _cBK | ||
| 040 |
_aUA-OsUOA _bukr _cUA-OsUOA _dUA-OsUOA |
||
| 245 | _aЖінка в пісках | ||
| 300 | _a586 с. | ||
| 955 | _a3 | ||
| 041 | _aukr | ||
| 080 | _a821.521 | ||
| 260 |
_aК. _bДніпро _c1988 |
||
| 650 | 7 |
_a82 Література. Літературознавство _2UDC |
|
| 999 |
_c373319 _d373319 |
||